000 00526nam a22001817a 4500
003 CEME
005 20210628205938.0
008 210209b xxu||||| |||| 00| 0 eng d
020 _a0-9648094-0-0
040 _c.
082 _a004.16 LOC
100 _aLock, Robert.C
_977590
245 _aThe whole pc family encyclopedia the definite resource for family computing
260 _aUSA
_bPC PRESS
_c1995
300 _a302P
650 _aPERSONAL COMPUTER ECNCYCLOPEDIA COMPUTER FAMILY ENCYCLOPEDIA
_977591
942 _cBK
_2ddc
999 _c582844
_d582844